Ultraviolet spectrometer and polarimeter (UVSP) catalog of observations; vol. 2 (Record no. 11022)
[ view plain ]
| 000 -LEADER | |
|---|---|
| fixed length control field | 00831nam a2200217Ia 4500 |
| 003 - CONTROL NUMBER IDENTIFIER | |
| control field | IN-BaIIA |
| 008 - FIXED-LENGTH DATA ELEMENTS--GENERAL INFORMATION | |
| fixed length control field | 211028s9999 xx 000 0 eng d |
| 040 ## - CATALOGING SOURCE | |
| Transcribing agency | IIA Library |
| 080 ## - UNIVERSAL DECIMAL CLASSIFICATION NUMBER | |
| Universal Decimal Classification number | 083.8:520.44 |
| Item number | HEN-II |
| 100 ## - MAIN ENTRY--PERSONAL NAME | |
| Personal name | Henze, William |
| 9 (RLIN) | 18860 |
| 245 #0 - TITLE STATEMENT | |
| Title | Ultraviolet spectrometer and polarimeter (UVSP) catalog of observations; vol. 2 |
| Remainder of title | experiments 30720-63057 (April 1985-Febrary 1988) |
| Statement of responsibility, etc. | William Henze |
| 260 ## - PUBLICATION, DISTRIBUTION, ETC. | |
| Place of publication, distribution, etc. | Washington |
| Name of publisher, distributor, etc. | National Aeronautics and Space Administration |
| Date of publication, distribution, etc. | 1993 |
| 300 ## - PHYSICAL DESCRIPTION | |
| Extent | 2v. (iii, 1580p.) |
| 490 ## - SERIES STATEMENT | |
| Series statement | NASA contractor report; 4529 |
| 650 ## - SUBJECT ADDED ENTRY--TOPICAL TERM | |
| Topical term or geographic name entry element | Astronomy and Astrophysics Thesaurus |
| 650 ## - SUBJECT ADDED ENTRY--TOPICAL TERM | |
| Topical term or geographic name entry element | Catalogue-UVSP |
| 9 (RLIN) | 18861 |
| 650 ## - SUBJECT ADDED ENTRY--TOPICAL TERM | |
| Topical term or geographic name entry element | Polarimeter |
| 9 (RLIN) | 18862 |
| 650 ## - SUBJECT ADDED ENTRY--TOPICAL TERM | |
| Topical term or geographic name entry element | Ultraviolet spectrometer |
| 9 (RLIN) | 18863 |
| 650 ## - SUBJECT ADDED ENTRY--TOPICAL TERM | |
| Topical term or geographic name entry element | UVSP Catalogue |
| 9 (RLIN) | 18864 |
| 942 ## - ADDED ENTRY ELEMENTS (KOHA) | |
| Koha item type | Books |
| Withdrawn status | Lost status | Damaged status | Not for loan | Home library | Current library | Shelving location | Date acquired | Total Checkouts | Full call number | Barcode | Date last seen | Price effective from | Koha item type |
|---|---|---|---|---|---|---|---|---|---|---|---|---|---|
| IIA Library-Bangalore | IIA Library-Bangalore | General Stacks | 24/03/1994 | 083.8:520.44/ HEN-II | 11935 | 05/11/2021 | 24/03/1994 | Books |